Länder, die auf A enden - Statistiken

Allgemein
  • Dieses Quiz wurde 1.863 mal gespielt
  • Das Durchschnittsergebnis liegt bei 26 aus 41
Antwortstatistiken
Anfangsbuchstabe Länder % Korrekt
C China
82%
G Guinea
78%
A Angola
75%
K Kanada
75%
U Uganda
74%
E Eritrea
73%
G Ghana
73%
R Ruanda
73%
A Andorra
72%
G Gambia
72%
S Sambia
72%
Ä Äquatorialguinea
71%
K Kenia
70%
N Namibia
70%
C Costa Rica
69%
P Panama
68%
T Tansania
66%
G Guatemala
65%
J Jamaika
65%
N Nigeria
65%
K Kuba
63%
V Venezuela
63%
N Nord Korea
62%
S Somalia
62%
S Süd Korea
62%
A Antigua und Barbuda
61%
G Guyana
61%
N Nicaragua
60%
L Liberia
59%
D Dominica
58%
S Samoa
58%
S Südafrika
58%
T Tonga
58%
M Malta
57%
M Malaysia
55%
B Botswana
54%
G Grenada
53%
P Papua-Neuguinea
52%
K Kambodscha
51%
S Sri Lanka
45%
S St. Lucia
40%
Keine übereinstimmenden Quizze gefunden
Verteilung der Resultate
Anzahl Personen mit jedem Resultat
Perzentil nach korrekt beantworteten Fragen
Ihre Resultats-Entwicklung
Sie haben dieses Quiz noch nicht gespielt